000 00551nam a22001817a 4500
005 20260323070233.0
008 260225b |||||||| |||| 00| 0 eng d
020 _a978805321852
050 _aQD33.2
_b.T56 2007
100 _a Timberlake, Karen C.
245 _a General, organic, and biological chemistry :
_bstructures of life /
250 _a 2nd ed.
260 _aSan Francisco :
_bPearson Benjamin Cummings,
_c2007.
300 _a xxvii, 896 p. :
_b ill. ;
_c29 cm.
500 _a Includes index.
650 _aChemistry.
942 _2lcc
_cBK
999 _c60213
_d60213